Estado versus Mercado: una visión no convencional /
Bewaard in:
| Hoofdauteur: | |
|---|---|
| Formaat: | Texto |
| Onderwerpen: | |
| Tags: |
Voeg label toe
Geen labels, Wees de eerste die dit record labelt!
|
MARC
| LEADER | 00000 a a2200000 04500 | ||
|---|---|---|---|
| 001 | 5383 | ||
| 003 | |||
| 040 | |||
| 100 | |a Huerta González, Arturo | ||
| 245 | |a Estado versus Mercado: |b una visión no convencional / |c Arturo Huerta González | ||
| 650 | |a ESTADO | ||
| 650 | |a MERCADO | ||
| 650 | |a PARTICIPACION DEL ESTADO | ||
| 650 | |a ECONOMIA | ||
| 650 | |a POLITICA ECONOMICA | ||
| 650 | |a PRIVATIZACION | ||
| 650 | |a TIPO DE CAMBIO | ||
| 773 | |g número 342; páginas 5-18 | ||
| 999 | |c 24205 |d 24205 | ||
